000 00570nam a2200181Ia 4500
008 090124s9999 xx 000 0 und d
082 _b115317
100 _aओक शामराव नीलकंठ
245 _a धोत्र्याचे फळे
250 _a1
260 _c1944
300 _a104
600 _aओक शामराव नीलकंठ
630 _a धोत्र्याचे फळे
700 _aओक शामराव नीलकंठ
730 _a धोत्र्याचे फळे
942 _cBOOK
999 _c161408
_d161408